Debarierizácia Bratislavy – krok 0.2

Saved in:
Bibliographic Details
Main Author: Dobrotová, Paulína (Author)
Other Authors: Šebo, Tomáš (Thesis advisor)
Format: Manuscript Book
Language:Slovak
Published: 2025
Subjects:
Online Access:http://is.stuba.sk/zp/portal_zp.pl?podrobnosti=185395
Tags: Add Tag
No Tags, Be the first to tag this record!

MARC

LEADER 00000ntm a22000003a 4500
001 stuzp104735
003 SK-STU
005 20250607210801.7
007 ta
008 150427s2015----xo-----f-mn---000-0-slo-d
040 |a STU  |b slo 
041 0 |a slo 
100 1 |a Dobrotová, Paulína  |u 051110  |4 aut  |U FAD Fakulta architektúry a dizajnu  |T FAD Ústav architektúry obytných budov  |X 103768  |U A1110  |Y 392  |7 103768 
242 0 1 |a Debarrierization of Bratislava – step 0.2  |y eng 
245 1 0 |a Debarierizácia Bratislavy – krok 0.2 
260 |c 2025 
650 4 |a student housing  |2 eng 
650 4 |a student residence  |2 eng 
650 4 |a Einsteinova  |2 eng 
650 4 |a Petržalka  |2 eng 
650 4 |a dormitory  |2 eng 
650 4 |a študentský domov  |2 slo 
650 4 |a Einsteinova  |2 slo 
650 4 |a Petržalka  |2 slo 
650 4 |a internát  |2 slo 
650 4 |a študentská rezidencia  |2 slo 
700 1 |a Šebo, Tomáš  |4 ths  |X 79065  |7 79065 
856 4 |u http://is.stuba.sk/zp/portal_zp.pl?podrobnosti=185395